Golden road : (Record no. 1430012)

MARC details
000 -LEADER
fixed length control field 02535nam a2200229Ia 4500
005 - DATE AND TIME OF LATEST TRANSACTION
control field 20250605163411.0
008 - FIXED-LENGTH DATA ELEMENTS--GENERAL INFORMATION
fixed length control field 008 250516s9999 xx 000 0 eng d
020 ## - INTERNATIONAL STANDARD BOOK NUMBER
International Standard Book Number 9781408864418
040 ## - CATALOGING SOURCE
Original cataloging agency SDCL
Language of cataloging eng
Transcribing agency SDCL
041 ## - LANGUAGE CODE
Language code of text/sound track or separate title eng
Source of code eng
084 ## - COLON CLASSIFICATION NUMBER
Classification number V2'C R4 LR
Assigning agency SDCL
100 ## - MAIN ENTRY--PERSONAL NAME
Personal name Dalrymple, William
245 #0 - TITLE STATEMENT
Title Golden road :
Remainder of title How ancient India transformed the world
260 ## - PUBLICATION, DISTRIBUTION, ETC.
Place of publication, distribution, etc. New Delhi :
Name of publisher, distributor, etc. Bloomsbury,
Date of publication, distribution, etc. 2024.
300 ## - PHYSICAL DESCRIPTION
Extent 482p.
365 ## - TRADE PRICE
Price type code INR
Price amount 999
520 ## - SUMMARY, ETC.
Summary, etc. A revolutionary new history of the diffusion of Indian ideas, from the award-winning, bestselling author and co-host of the chart-topping Empire podcast<br/><br/>'Richly woven, highly readable ... Written with passion and verve' Spectator<br/>'Dazzling ... Not just a historical study but also a love letter' Guardian<br/>'An outstanding new account ... The most compelling retelling we have had for generations' Financial Times<br/><br/>India is the forgotten heart of the ancient world.<br/><br/>For a millennium and a half, India was a confident exporter of its diverse civilisation, creating around it a vast empire of ideas. Indian art, religions, technology, astronomy, music, dance, literature, mathematics and mythology blazed a trail across the world, along a Golden Road that stretched from the Red Sea to the Pacific.<br/><br/>William Dalrymple draws from a lifetime of scholarship to highlight India's oft-forgotten position as the heart of ancient Eurasia. For the first time, he gives a name to this spread of Indian ideas that transformed the world. From the largest Hindu temple in the world at Angkor Wat to the Buddhism of China, from the trade that helped fund the Roman Empire to the creation of the numerals we use today (including zero), India transformed the culture and technology of its ancient world – and our world today as we know it.<br/><br/>Praise for William Dalrymple and The Anarchy<br/><br/>'A superb historian with a visceral understanding of India' The Times<br/>'Magnificently readable, deeply researched and richly atmospheric' Francis Wheen, Mail on Sunday<br/>Source: Publisher<br/>The Golden Road: How Ancient India Transformed the World is a 2024 history book by William Dalrymple. It discusses the ways in which India's ideas and influences spread throughout and shaped Eurasia.
650 ## - SUBJECT ADDED ENTRY--TOPICAL TERM
Topical term or geographic name entry element Civilization -- Indic influences
9 (RLIN) 811958
650 ## - SUBJECT ADDED ENTRY--TOPICAL TERM
Topical term or geographic name entry element India -- Civilization -- To 1200 -- Foreign relations -- To 1765 -- History -- 1000-1526 -- 324 B.C.-1000 A.D.
9 (RLIN) 811959
650 ## - SUBJECT ADDED ENTRY--TOPICAL TERM
Topical term or geographic name entry element Art / Subjects & Themes / Religious
9 (RLIN) 811960
942 ## - ADDED ENTRY ELEMENTS (KOHA)
Koha item type General Books
Source of classification or shelving scheme Colon Classification (CC)
Suppress in OPAC No
Holdings
Withdrawn status Lost status Source of classification or shelving scheme Damaged status Not for loan Home library Current library Date acquired Source of acquisition Inventory number Total Checkouts Full call number Barcode Date last seen Date last checked out Price effective from Koha item type
    Colon Classification (CC)     South Campus Library South Campus Library 2025-05-22 Classic Book Service 188, 27/12/2024 1 V2'C R4 LR SC1690894 2026-03-11 2026-01-15 2025-05-22 General Books
Copyright @ Delhi University Library System